000 00626nam a22002057a 4500
005 20220312102859.0
008 220312b ||||| |||| 00| 0 eng d
020 _a9789948369622
040 _cAL
041 _aEnglish
082 _223
_a158.1
_bKORD
100 _aSusan Koruthu
_923465
245 _aDesign your life to build a legacy:a practical guide to build your dream life Vol 2
260 _aUAE
_bBook land publishing
_c2019
300 _axii,220 p.
_bPB
_c22x14 cm.
440 _aRight skills right living series
_923466
650 _aRight skills
_923467
700 _aKORUTHU (Susan)
_923468
942 _2ddc
_cDB
999 _c221837
_d221837